Catalog

Record Details

Catalog Search



Available copies

  • 1 of 2 copies available at LARL/NWRL Consortium.
  • 1 of 2 copies available at Lake Agassiz Regional Library. (Show preferred library)

Current holds

0 current holds with 2 total copies.

Show Only Available Copies
Location Call Number / Copy Notes Barcode Shelving Location Status Due Date
Ada Public Library M RAM (Text) 33500014355739 New Checked out 05/30/2026
Bagley Public Library M RAM (Text) 33500014355747 New Available -

Record details

  • ISBN: 9798892424134
  • ISBN: 9798892424127
  • Physical Description: 330 pages ; 23 cm.
  • Edition: First edition.
  • Publisher: New York : Crooked Lane Books, 2026.

Content descriptions

General Note:
Series information from publisher.
Summary, etc.:
"When her grandmother suffers a nasty fall and ... Read More
Subject: Family-owned business enterprises > Fiction.
Bookstores > Fiction.
Grandmothers > Fiction.
Connecticut > Fiction.
Murder > Investigation > Fiction.
Magic > Fiction.
Genre: Cozy mysteries.
Novels.
LDR 03353cam a22005777i 4500
001481301
003LARL_NWRL_CONSORTIUM
00520260401135852.0
008251027s2026 nyu e 000 f eng d
040 . ‡aIG# ‡beng ‡erda ‡cIG# ‡dTOH ‡dOCLCQ ‡dHBP ‡dOCLCO ‡dL@L ‡dYDX ‡dBDX ‡dOCLCO ‡dZGR ‡dOCLCO
019 . ‡a1523906458 ‡a1523906587 ‡a1557403944
020 . ‡a9798892424134 ‡q(paperback)
020 . ‡a9798892424127 ‡q(hardcover)
035 . ‡a(OCoLC)1530641584 ‡z(OCoLC)1523906458 ‡z(OCoLC)1523906587 ‡z(OCoLC)1557403944
043 . ‡an-us-ct
08204. ‡a813.54 ‡223
1001 . ‡aRamey, Stacie, ‡eauthor. ‡1https://id.oclc.org/worldcat/entity/E39PCjGHK3TfBkYmPYF8MFBJTb
24510. ‡aSpellbound by murder / ‡cStacie Ramey.
250 . ‡aFirst edition.
264 1. ‡aNew York : ‡bCrooked Lane Books, ‡c2026.
300 . ‡a330 pages ; ‡c23 cm.
336 . ‡atext ‡btxt ‡2rdacontent
337 . ‡aunmediated ‡bn ‡2rdamedia
338 . ‡avolume ‡bnc ‡2rdacarrier
4900 . ‡aMystic Hollow Bookshop ; ‡v1
500 . ‡aSeries information from publisher.
520 . ‡a"When her grandmother suffers a nasty fall and asks for help managing the family business, coffee-addicted single mother Veronica Blackthorne moves her sixteen-year-old rom-com-obsessed daughter to Mystic Hollow, Connecticut. Veronica is ecstatic to return to New England, but when she arrives, she quickly finds out that Mystic Hollow Books, her grandmother's pride and joy, needs more than a little TLC. Hoping to save the bookstore from a big-box rival, Veronica enlists her sometimes mentor and sometimes crush, Adam Whitford, a controversial but popular author, as the keynote speaker to kick off a literary festival that will hopefully bring in a new wave of customers. But when Adam turns up dead, all that romantic potential turns into a nightmare as Veronica becomes the prime suspect in his murder. As the local sheriff investigates his murder, Veronica decides to take matters into her own hands to solve the case and clear her name. With the bookstore's future on the line, the stakes couldn't be higher. Until her gran reveals the biggest secret of all--the bookstore is magical, and it was a botched love spell that led to this entire mess."-- from dust jacket.
650 0. ‡aFamily-owned business enterprises ‡vFiction. ‡0(LARL_NWRL_CONSORTIUM)164945
650 0. ‡aBookstores ‡vFiction.
650 0. ‡aGrandmothers ‡vFiction. ‡0(LARL_NWRL_CONSORTIUM)165417
651 0. ‡aConnecticut ‡vFiction. ‡0(LARL_NWRL_CONSORTIUM)164115
650 0. ‡aMurder ‡xInvestigation ‡vFiction. ‡0(LARL_NWRL_CONSORTIUM)166203
650 0. ‡aMagic ‡vFiction. ‡0(LARL_NWRL_CONSORTIUM)165984
655 7. ‡aCozy mysteries. ‡2lcgft
655 7. ‡aNovels. ‡2lcgft
901 . ‡a481301 ‡bOCoLC ‡c481301 ‡tbiblio ‡soclc

Additional Resources